Линейная алгебра и аналитическая геометрия: учебное пособие
| المؤلف الرئيسي: | |
|---|---|
| مؤلف مشترك: | |
| الملخص: | Заглавие с титульного экрана Электронная версия печатной публикации Целью данного пособия является помощь студенту самостоятельно или при минимальной помощи преподавателя овладеть методами решения задач по данной части курса высшей математики, что особенно важно для студентов, обучающихся по заочной форме обучения. Это определило структуру пособия. В каждом разделе даны краткие теоретические сведения и приведены формулы необходимые для решения задач. Предполагается последовательное рассмотрение решений всех приведенных по каждой теме задач подряд. Среди решенных задач многие задачи можно назвать типовыми. Дан минимум основных задач, необходимый для усвоения вузовской программы части курса высшей математике Режим доступа: из корпоративной сети ТПУ |
| اللغة: | الروسية |
| منشور في: |
Томск, Изд-во ТПУ, 2010
|
| الموضوعات: | |
| الوصول للمادة أونلاين: | http://www.lib.tpu.ru/fulltext2/m/2011/m195.pdf |
| التنسيق: | الكتروني كتاب |
| KOHA link: | https://koha.lib.tpu.ru/cgi-bin/koha/opac-detail.pl?biblionumber=196430 |
MARC
| LEADER | 00000nlm0a2200000 4500 | ||
|---|---|---|---|
| 001 | 196430 | ||
| 005 | 20231101224707.0 | ||
| 035 | |a (RuTPU)RU\TPU\book\214294 | ||
| 090 | |a 196430 | ||
| 100 | |a 20110524d2010 m y0rusy50 ca | ||
| 101 | 0 | |a rus | |
| 102 | |a RU | ||
| 105 | |a a j 001zy | ||
| 135 | |a drcn ---uucaa | ||
| 181 | 0 | |a i | |
| 182 | 0 | |a b | |
| 200 | 1 | |a Линейная алгебра и аналитическая геометрия |b Электронный ресурс |e учебное пособие |f В. П. Арефьев |g Национальный исследовательский Томский политехнический университет (ТПУ) | |
| 203 | |a Текст |c электронный | ||
| 210 | |a Томск |c Изд-во ТПУ |d 2010 | ||
| 230 | |a 1 компьютерный файл (pdf; 564 KB) | ||
| 300 | |a Заглавие с титульного экрана | ||
| 300 | |a Электронная версия печатной публикации | ||
| 330 | |a Целью данного пособия является помощь студенту самостоятельно или при минимальной помощи преподавателя овладеть методами решения задач по данной части курса высшей математики, что особенно важно для студентов, обучающихся по заочной форме обучения. Это определило структуру пособия. В каждом разделе даны краткие теоретические сведения и приведены формулы необходимые для решения задач. Предполагается последовательное рассмотрение решений всех приведенных по каждой теме задач подряд. Среди решенных задач многие задачи можно назвать типовыми. Дан минимум основных задач, необходимый для усвоения вузовской программы части курса высшей математике | ||
| 333 | |a Режим доступа: из корпоративной сети ТПУ | ||
| 337 | |a Adobe Reader | ||
| 452 | 1 | |0 (RuTPU)RU\TPU\book\206186 |t Линейная алгебра и аналитическая геометрия |o учебное пособие |f В. П. Арефьев |g Национальный исследовательский Томский политехнический университет (ТПУ) |c Томск |n Изд-во ТПУ |d 2010 |p 100 с. |a Арефьев, Владимир Петрович | |
| 606 | 1 | |a Линейная алгебра |2 stltpush |3 (RuTPU)RU\TPU\subj\40174 |9 60039 | |
| 606 | 1 | |a Аналитическая геометрия |2 stltpush |3 (RuTPU)RU\TPU\subj\28991 |9 52410 | |
| 610 | 1 | |a электронный ресурс | |
| 610 | 1 | |a труды учёных ТПУ | |
| 610 | 1 | |a аналитическая геометрия | |
| 610 | 1 | |a определители | |
| 610 | 1 | |a матрицы | |
| 610 | 1 | |a векторы | |
| 610 | 1 | |a примеры | |
| 610 | 1 | |a решения | |
| 610 | 1 | |a учебные пособия | |
| 675 | |a 512.64(075.8) |v 3 | ||
| 675 | |a 514.12(075.8) |v 3 | ||
| 700 | 1 | |a Арефьев |b В. П. |c математик |c доцент Томского политехнического университета, кандидат физико-математических наук, менеджер |f 1950- |g Владимир Петрович |2 stltpush |3 (RuTPU)RU\TPU\pers\27692 | |
| 712 | 0 | 2 | |a Национальный исследовательский Томский политехнический университет (ТПУ) |c (2009- ) |2 stltpush |3 (RuTPU)RU\TPU\col\15902 |
| 801 | 1 | |a RU |b 63413507 |c 20110524 | |
| 856 | 4 | |u http://www.lib.tpu.ru/fulltext2/m/2011/m195.pdf | |
| 942 | |c CF | ||